Slogan pubblicità italiane - 3 - Statistics

Statistiche generali
  • Questo quiz è stato fatto 116 volte
  • Il punteggio medio è 8 su 15
Statistiche sulle risposte
Slogan Brand % Corretto
"_____________ e _____________: le acque della salute" Uliveto/Rocchetta
80%
"La spesa intelligente" Eurospin
74%
"Solo musica italiana" Radio Italia TV
72%
"Gelati all'italiana" Sammontana
70%
"_____________. Thé best" Estathé
64%
"Shave like a bomber" Gillette
59%
"La morale è sempre quella, fai merenda con _____________" Girella Motta
56%
"_____________, la grande I " Iper
48%
"Che cosa vuoi di più dalla vita? Un _____________ " Lucano
47%
"Se c'è _____________, c'è gioia" Aia
46%
"No _____________, no party" Martini
46%
_____________, autentica qualità" Poltronesofà
43%
"Red passion" Campari
35%
"La nostra forza è il prezzo" Mondo Convenienza
19%
"Di tutto, di tutti" Rai
10%
Nessun quiz corrispondente trovato
Distribuzione punteggi
Percentuale di utenti per punteggio
Percentile per numero di risposta
I tuoi punteggi nel tempo
Non hai fatto questo quiz